Mirrored Europe Quiz Stats

 Plays Quiz Updated Feb 9, 2017

Challenge
Share
Tweet
Score 0/47 Timer 06:00
1 Play Today
% Correct
Russia
93.3%
Italy
92.7%
United Kingdom
92.6%
Spain
92.3%
France
91.9%
Ireland
91.9%
Portugal
91.8%
Iceland
91%
Greece
91%
Germany
91%
Turkey
89.5%
Sweden
88.9%
Norway
88.8%
Poland
88.2%
Ukraine
87.8%
Finland
87.6%
Denmark
87.5%
Belgium
86.8%
Netherlands
86.8%
Cyprus
85.2%
Switzerland
83.6%
Austria
79.8%
Vatican City
79.7%
Estonia
79.2%
% Correct
Romania
79.1%
Belarus
79.1%
Andorra
78.9%
Latvia
78%
Croatia
77.9%
Luxembourg
77.8%
Lithuania
77.1%
San Marino
76.5%
Czechia
76.5%
Slovakia
74.1%
Liechtenstein
73.5%
Bulgaria
73.2%
Hungary
72.9%
Monaco
72.9%
Kosovo
72.5%
Albania
71.9%
Macedonia
71.6%
Malta
71.6%
Moldova
71.4%
Bosnia and Herzegovina
70.6%
Slovenia
69.7%
Serbia
68.7%
Montenegro
67.9%

You're not logged in!

Compare scores with friends on all Sporcle quizzes.
Join for Free
OR
Log In

You Might Also Like...

Show Comments

Extras

Top Quizzes Today


Score Distribution

Your Account Isn't Verified!

In order to create a playlist on Sporcle, you need to verify the email address you used during registration. Go to your Sporcle Settings to finish the process.

Report this User

Report this user for behavior that violates our Community Guidelines.

Details: